Manual de lingüística románica
Salvato in:
| Autore principale: | |
|---|---|
| Natura: | Libro |
| Lingua: | spagnolo |
| Pubblicazione: |
Madrid
Alcalá
1967
|
| Serie: | Romania. Lingüística
|
| Soggetti: | |
| Tags: |
Aggiungi Tag
Nessun Tag, puoi essere il primo ad aggiungerne!!
|
MARC
| LEADER | 00000nam a2200000 a 4500 | ||
|---|---|---|---|
| 001 | UCQ3153 | ||
| 003 | CL-VaPUC | ||
| 008 | 980817e19670000SP |||||||||||||||||spa|d | ||
| 082 | 0 | 4 | |a 459.9 |b IOR |2 21 |
| 100 | |a Iordan, Iorgu |e author |9 417198 | ||
| 245 | 1 | 0 | |a Manual de lingüística románica |
| 300 | |a 755 p | ||
| 942 | |c BK | ||
| 945 | |d 19980817 00:00:00 |a crobeson | ||
| 260 | |a Madrid |b Alcalá |c 1967 | ||
| 650 | 0 | |a Lingüística |9 265068 | |
| 650 | 0 | |a Latín |9 269544 | |
| 650 | 7 | |a LENGUAS ROMANCES |2 CL-VaPUC |9 346632 | |
| 650 | 0 | |a Historia |9 255047 | |
| 650 | 0 | |a Español |9 255372 | |
| 650 | 7 | |a FRANCES |2 CL-VaPUC |9 259059 | |
| 650 | 0 | |a Italiano |9 344614 | |
| 650 | 7 | |a CATALAN |2 CL-VaPUC |9 346633 | |
| 650 | 7 | |a PORTUGUES |2 CL-VaPUC |9 342493 | |
| 583 | |a last modification |c 19980817 00:00:00 |k Rodrigo Vera | ||
| 490 | 0 | |a Romania. Lingüística | |
| 999 | |c 273753 |d 273751 | ||
| 952 | |0 0 |1 0 |4 0 |6 459_900000000000000_IOR_1967 |7 0 |8 A |9 309608 |a BIBEDU |b BIBEDU |d 2019-11-20 |i 1451944 |o 459.9 IOR 1967 |p 1451944 |r 2019-11-20 |w 2019-11-20 |y BK |k LIT | ||